000 00345nam a2200133Ia 4500
008 240624s9999 xx 000 0 und d
041 _aeng
082 _a338 CAM
100 _aCAMPBELL JOHN L
245 _aNATIONAL ORIGINS OF POLICY IDEAS KNOWLED
260 _c2014
_adenmark
_bPrinceton University Press
300 _a424 : p.
365 _c
_b26
999 _c23609
_d23609